Weltpolitiker-Quiz #1 - Statistiken

Allgemein
  • Dieses Quiz wurde 128 mal gespielt
  • Das Durchschnittsergebnis liegt bei 15 aus 34
Antwortstatistiken
Position Jahre Name % Korrekt
US-Präsident 2017–2021 2025– Donald Trump
99%
US-Präsident 2021–2025 Joe Biden
99%
US-Präsident 2009–2017 Barack Obama
92%
Deutscher Bundeskanzler 2005–2021 Angela Merkel
90%
Deutscher Bundeskanzler 2021– Olaf Scholz
90%
Russischer Führer (de facto) 2000– Wladimir Putin
82%
Französischer Präsident 2017– Emmanuel Macron
80%
Deutscher Bundeskanzler 1998–2005 Gerhard Schröder
73%
Nordkoreanischer Führer 2011– Kim Jong-un
73%
Britischer Premierminister 2019–2022 Boris Johnson
71%
Kanadischer Premierminister 2015–2025 Justin Trudeau
65%
Israelischer Premierminister 2009–2021, 2022– Benjamin Netanjahu
59%
Südafrikanischer Präsident 1994–1999 Nelson Mandela
56%
Kubanischer Führer 1959–2011 Fidel Castro
55%
Syrischer Führer 2000–2024 Baschar al-Assad
53%
Italienischer Premierminister 2022– Giorgia Meloni
53%
Italienischer Premierminister 2001–2006 2008–2011 Silvio Berlusconi
44%
Chinesischer Führer 2012– Xi Jinping
39%
Französischer Präsident 2007–2012 Nicolas Sarkozy
36%
Britischer Premierminister 2024– Keir Starmer
35%
Japanischer Premierminister 2006–2007 2012–2020 Shinzō Abe
30%
Russischer Präsident 1991–1999 Boris Jelzin
28%
Indischer Premierminister 2014– Narendra Modi
27%
Französischer Präsident 1995–2007 Jacques Chirac
23%
Britischer Premierminister 1997–2007 Tony Blair
23%
Mexikanischer Präsident 2024– Claudia Sheinbaum
19%
Südafrikanischer Präsident 2009–2018 Jacob Zuma
9%
Simbabwischer Führer 1987–2017 Robert Mugabe
8%
Australischer Premierminister 2022– Anthony Albanese
6%
Oberster Führer des Iran 1989– Ali Khamenei
5%
Indischer Premierminister 2004–2014 Manmohan Singh
5%
Afghanischer Präsident 2004–2014 Hamid Karzai
4%
Kanadischer Premierminister 2006–2015 Stephen Harper
3%
Mexikanischer Präsident 2018–2024 Andrés Manuel López Obrador
1%
Keine übereinstimmenden Quizze gefunden
Verteilung der Resultate
Anzahl Personen mit jedem Resultat
Perzentil nach korrekt beantworteten Fragen
Ihre Resultats-Entwicklung
Sie haben dieses Quiz noch nicht gespielt